000 00616nam a2200241Ia 4500
003 OSt
005 20220918192721.0
006 a|||||r|||| 00| 0
007 ta
008 220917b |||||||| |||| 00| 0 eng d
024 _a69,787
037 _cTextual
040 _aARTS
_cARTS
_beng
041 _2eng
_aeng
082 _aQ, M2
100 _aGupta S S
_979908
245 0 _aReligion
_b a solution of modern problem
260 _aAligarh
_bDharma Samaj College
_c1982
300 _avii, 152p.
_ccm.
650 _aRELIGION
942 _hQ, M2
_cTEXL
_2CC
999 _c195917
_d195917